Por la región del aire y la del fuego
Tallennettuna:
| Päätekijä: | |
|---|---|
| Aineistotyyppi: | Kirja |
| Kieli: | espanja |
| Julkaistu: |
Santiago
Cruz del Sur
1944
|
| Sarja: | Colección La Fuente Escondida
|
| Aiheet: | |
| Tagit: |
Lisää tagi
Ei tageja, Lisää ensimmäinen tagi!
|
MARC
| LEADER | 00000nam a2200000 a 4500 | ||
|---|---|---|---|
| 001 | UCZ4895 | ||
| 003 | CL-VaPUC | ||
| 008 | 951115e19440000CL |||||||||||||||||spa|d | ||
| 082 | 0 | 4 | |a 861 |b TAR |2 21 |
| 100 | 0 | |a Tarsis y Peralta, Juan de |e author |9 348857 | |
| 245 | 1 | 0 | |a Por la región del aire y la del fuego |
| 300 | |a 147 p | ||
| 942 | |c BK | ||
| 945 | |d 19951115 00:00:00 |a rleighto | ||
| 260 | |a Santiago |b Cruz del Sur |c 1944 | ||
| 650 | 0 | |a Poesías españolas |9 265100 | |
| 583 | |a last modification |c 19951115 00:00:00 |k Rodrigo Vera | ||
| 490 | 0 | |a Colección La Fuente Escondida | |
| 999 | |c 241238 |d 241236 | ||
| 952 | |0 0 |1 0 |4 0 |6 861_000000000000000_TAR_1944 |7 0 |8 P |9 253518 |a BIBEDU |b BIBEDU |d 2019-11-19 |i 3148963 |o 861 TAR 1944 |p 3148963 |r 2019-11-19 |w 2019-11-19 |y BK |k LIT | ||
| 952 | |0 0 |1 0 |4 0 |6 861_000000000000000_TAR_1944 |7 0 |8 P |9 253519 |a BIBEDU |b BIBEDU |c BIBEDU_PB |d 2019-11-19 |i 3151654 |o 861 TAR 1944 |p 3151654 |r 2024-01-25 |w 2019-11-19 |y BK |k FIL | ||